Nấm thực phẩm kỹ thuật nuôi trồng và các món ăn bài thuốc
Gespeichert in:
| Format: | Buch |
|---|---|
| Sprache: | Undetermined |
| Veröffentlicht: |
Thanh hóa
Nhà xuất bản Thanh hóa
2004
|
| Schlagworte: | |
| Tags: |
Tag hinzufügen
Keine Tags, Fügen Sie den ersten Tag hinzu!
|
| Thư viện lưu trữ: | Trung tâm Học liệu Trường Đại học Cần Thơ |
|---|
| LEADER | 00594nam a2200181Ia 4500 | ||
|---|---|---|---|
| 001 | CTU_98068 | ||
| 008 | 210402s9999 xx 000 0 und d | ||
| 020 | |c 15000 | ||
| 082 | |a 635.8 | ||
| 082 | |b N120 | ||
| 245 | 0 | |a Nấm thực phẩm kỹ thuật nuôi trồng và các món ăn bài thuốc | |
| 245 | 0 | |c Nhiều tác gải | |
| 260 | |a Thanh hóa | ||
| 260 | |b Nhà xuất bản Thanh hóa | ||
| 260 | |c 2004 | ||
| 650 | |a Mushroom culture,Mushrooms, edible,Vegetable gardening | ||
| 904 | |i Tuyến | ||
| 980 | |a Trung tâm Học liệu Trường Đại học Cần Thơ | ||